Capitale dalla Bandiera - Africa - Statistics

Statistiche generali
  • Questo quiz è stato fatto 36 volte
  • Il punteggio medio è 45 su 54
Statistiche sulle risposte
con Immagini Risposta % Corretto
Accra
100%
Addis Abeba
100%
Dakar
100%
Dodoma
100%
Gibuti
100%
Il Cairo
100%
Luanda
100%
Mogadiscio
100%
Port Louis
100%
Pretoria, Città del Capo, Bloemfontein
100%
Tripoli
100%
Abuja
91%
Bangui
91%
Freetown
91%
Harare
91%
Lomé
91%
Lusaka
91%
Malabo
91%
Moroni
91%
Praia
91%
Rabat
91%
Algeri
82%
Asmara
82%
Banjul
82%
Brazzaville
82%
Conakry
82%
Gitega
82%
Giuba
82%
Kampala
82%
Khartum
82%
Kigali
82%
Lilongwe
82%
Nairobi
82%
Niamey
82%
Nouakchott
82%
Sao Tomé
82%
Windhoek
82%
Yamoussoukro
82%
Antananarivo
73%
Gaborone
73%
Kinshasa
73%
Libreville
73%
Maputo
73%
Maseru
73%
Monrovia
73%
Porto-Novo
73%
Tunisi
73%
Yaoundé
73%
Ouagadougou
64%
Victoria
64%
Bamako
55%
Bissau
55%
Mbabane, Lobamba
55%
N'Djamena
55%
Nessun quiz corrispondente trovato
Distribuzione punteggi
Percentuale di utenti per punteggio
Percentile per numero di risposta
I tuoi punteggi nel tempo
Non hai fatto questo quiz